| 000 | 00370 a2200121 4500 | ||
|---|---|---|---|
| 001 | ART_12651 | ||
| 005 | 20260410161908.0 | ||
| 008 | 260409a | ||
| 245 | 1 | 0 | _aThe Labor Scarcity Controversy Reconsidered |
| 100 | 1 | _aSummers, Lawrence H. | |
| 700 | 1 | _aClarke, Richard N. | |
| 773 | 0 |
_tThe Economic Journal _g- Vol. 90, NÂș 357 (mar. 1980) _wREV12512 |
|
| 999 |
_c26544 _d26544 |
||